000 00553nam a22001817a 4500
999 _c194951
_d194951
005 20230202113056.0
010 _aENG-136104
020 _c90.00
035 _aEN-119636
037 _bDBAD/PUB
082 _a270
100 _aQutb, Muhammad
245 _aIslam:
_bThe Misunderstood Religion/
_cMuhammad Qutb
260 _aNew Delhi
_bMarkazi Maktaba Islami Publishers
_c2011
270 _aD-307, Dawat Nagar, Abul Fazl Enclave, Jamia Nagar, Okhla
_bNew Delhi
_e110025
300 _a265p.
_c22cm(pbk)
942 _2ddc
_cEN
_h270
_mQUT